Cash flow
Guardado en:
| Autor principal: | |
|---|---|
| Formato: | Libro |
| Lenguaje: | eslovaco |
| Publicado: |
Bratislava
Slovenský zväz účtovníkov
1994
|
| Materias: | |
| Etiquetas: |
Sin Etiquetas, Sea el primero en etiquetar este registro!
|
MARC
| LEADER | 00000nam$a2200000$$$4500 | ||
|---|---|---|---|
| 001 | 0030819 | ||
| 005 | 20240111124529.6 | ||
| 041 | 0 | |a slo | |
| 044 | |a SK | ||
| 245 | 1 | 0 | |a Cash flow |c Anna Šlosárová |
| 264 | 1 | |a Bratislava |b Slovenský zväz účtovníkov |c 1994 | |
| 300 | |a 64 s. | ||
| 610 | 2 | 0 | |a cash flow |
| 610 | 2 | 0 | |a peniaze |
| 610 | 2 | 0 | |a podnik |
| 610 | 2 | 0 | |a účtovníctvo |
| 610 | 2 | 0 | |a výkazy účtovné |
| 610 | 2 | 0 | |a poradenstvo |
| 610 | 2 | 0 | |a Slovensko |
| 100 | 1 | |a Šlosárová, Anna | |